MDQL
is popping MORE tags! Check the
thread
!
Quizzes
Events
Quiz Creation
Community
Videos
Private Events
Remove Ads
Sign In
Join for FREE
Feedback
Dark Mode
Quiz Categories
Sports
Geography
Music
Movies
Television
Just For Fun
Miscellaneous
History
Literature
Language
Science
Gaming
Entertainment
Religion
Holiday
For Kids
Quiz Lab
Recent
Popular Today
Quiz Kudos Today
Editor Picks
Curator Picks
Quizzes by...
Day
Popularity
Type
Ratings
Length
Year
Community
Subscriptions
Recent Discussions
Orange Saloon
Badges
Playlists
Quests
Create
Leaderboards
Showdown
Live 5
Trivia Bingo
Activity
Puzzle Library
Sporcle Events
Private Events
Virtual Trivia
Globe League
Become a Host
Pub Owners
SporcleCon
Opinionation
Our Games
Videos
Blog
Mobile Apps
Partnerships
Remove Ads and Go Orange
Feedback
Television
TV Characters
TV Show
Sitcom
Network
Friends
Reality Shows
Cast
South Park
Star Trek
The Simpsons
Doctor Who
Television
TV Characters
TV Show
Sitcom
Network
Friends
Reality Shows
Cast
South Park
Star Trek
The Simpsons
Doctor Who
Random Quiz
Search Sporcle
×
Quiz Lab
Quiz Lab
Television
Follow That Line
Select answers by clicking on text or image buttons
Select answers by clicking on text or image buttons
Clickable
Best Score? Go Orange.
Follow that Line - Futurama pt 2 Stats
Can you pick the next line from Futurama?
By
crow_t_robot
10m
25 Questions
2,126 Plays
2,126 Plays
2,126 Plays
Comments
Comments
Give Quiz Kudos
Give Quiz Kudos
-
- Ratings
hide this ad
Forced Order
Answers have to be entered in order
Answers have to be entered in order
Replay
Link that replays current quiz
Next Quiz
Link to next quiz in quiz playlist
You Got
0%
They Got
Avg Score
74%
Avg Friend Score
Upgrade to see
Score Distribution
Jump to the score distribution portion of the page
Score
0/25
Timer
10:00
0
Plays Today
% Correct
'Kappa Kappa Wong.'
87.9%
'War were declared.'
87.1%
'Windmills do not work that way! Goodnight!'
86.6%
'Like Fry! Like Fry!'
86%
'Why, I used to smoke about four feet of rope a day.'
85.4%
'In this case, small!'
85.1%
'Domo arigato, Mr. Roboto.'
84.9%
'I can, but that's because I'm not a pennliess hippie.'
84.3%
'God rest her zombie bones.'
82.6%
'Schedule conflict.'
82%
'Yes! Stop asking!'
79.9%
'I'm not hearing a no...'
76.2%
'Poetic image #37 not found.'
75.9%
% Correct
'Kif, I'm asking you a question!'
72.8%
'Not one place even remotely livable.'
72.5%
'Yeah, we *all* feel like that, *all* the time.'
72%
'Which is the one people like to hug?'
70.2%
'Or 'The Mongooses'. That's a cool team name. The Fighting Mongooses!'
69%
'Am not!'
65%
'Noticeably?'
64.9%
'Yes. Except the Dave Matthews Band does *not* kick ass.'
63.3%
'Him big jerk like man.'
63.1%
'I don't want to live on this planet anymore.'
61.8%
'Like a balloon, and...something bad happens!'
55.5%
'What? That's it? Who are you? You're nobody!'
52.4%
Quiz Playlist
Details
Report
Send in Message
Add To Playlist
Clickable:
Select answers by clicking on text or image buttons
Forced Order:
Answers have to be entered in order
Quiz Source
Last Updated: Feb 16, 2017
Quiz Scoreboard
CHALLENGE
Sign Up to Join the Scoreboard
Show All
Scores
Hide
Comments
May contain spoilers
Recently Published
1-10 Letter E Words III
by El_Dandy
Language
2m
Street Fighter Characters
by Artimus82
Gaming
60s
College Basketball Coaching Resumes
by pancakes188
Sports
9m
More to Explore
Quiz From the Vault
Featured Blog Post
Where Did the Easter Bunny Come From?
hide this ad
You Might Also Like...
Tags
Follow That Line Quiz
futurama
Today's Top Quizzes in Television
Browse Television
hide this ad
Today's Top Quizzes in Follow That Line
Browse Follow That Line
Top Contributed Quizzes in Television
1
Survivor Journey Challenge
2
Adjectives in 80s TV Shows
3
Adjectives in 00s TV Shows
4
5-to-1: The Simpsons Families
5
Adjectives in 10s TV Shows
6
5-to-1: Television Doctors
7
7-to-1: TV Show Settings
8
Adjectives in 70s TV Shows
9
5-to-1: Streaming Originals
10
Survivor Seasons
Explore More
Trending Topics
Anime
Kpop
Marvel
Disney
NBA
Harry Potter
Crossword
Song
The Office
Country
NFL
Pokémon
Soccer
WWE
Puzzle
hide this ad
More By:
crow_t_robot
Quiz
Plays
Rating
Category
Featured
Created
Numbers in Music
98,807
4.32
Music
Nov 3, 2009
Numbers in Music II
68,092
4.14
Music
Nov 17, 2009
Arrested Development Tough Trivia
48,858
4.50
Television
Dec 1, 2009
Star Wars in Family Guy
28,015
4.13
Television
Jan 9, 2010
'Carmen Sandiego' Theme
12,433
4.64
Television
Dec 19, 2010
Go to Creator's Profile
Score Distribution
Quiz Creator Spotlight
crow_t_robot
Follow
Send a Message
Quizzes Created
-
Created Quiz Play Count
-
More By This Creator
Popular Quizzes Today
1
Find the US States - No Outlines Minefield
2
Find the Countries of Europe - No Outlines Minefield
3
The Countries of the World
4
Find the US States
5
Risky Map Clicking: Biggest States A-Z
6
US States
7
Popular People in 1961
8
Movies - When Are They Set?
More Television Quizzes
Odd One Out: TV Actors
Published
Trending Quizzes
Risky Map Clicking: Least Populous States A-Z
1-10 Letter G Words
1-10 Letter F Words
Countries of the World: 200 Million BC
Risky Map Clicking: Next State Alphabetically
Recently Updated
Beyoncé Albums
pecheneg
Leaping Animals
pecheneg
Reality TV Shows (A-Z)
bhenderson79
Rickey Henderson's Hall of Fame Teammates
pecheneg
Champions League XIs: Arsenal
pecheneg
Quick Pick: Celebrities in WWE's Hall of Fame
aduchscher
A-Z Keypad Blitz II
pecheneg
Multiple Oscar Actors
pecheneg
Mystery Phrase Blitz: Oscar 'Best Actors'
pecheneg
F. Scott Fitzgerald Novels
LTH
Trending Topics
Marvel
Kpop
Disney
NBA
Harry Potter
Anime
Crossword
Soccer
Pokémon
Song
NFL
Country
Puzzle
The Office
WWE
Your Account Isn't Verified!
In order to create a playlist on Sporcle, you need to verify the email address you used during registration. Go to your
Sporcle Settings
to finish the process.
Report this User
Report this user for behavior that violates our
Community Guidelines
.
Details:
Send Report
Go to the Sporcle.com Mobile Site →
Comments